| 000 | 00859nam a22002177a 4500 | ||
|---|---|---|---|
| 999 |
_c17938 _d17938 |
||
| 003 | AR-CdUCM | ||
| 008 | 190510b ||||| |||| 00| 0 spa d | ||
| 040 |
_aMUNICIPALIDAD PROVINCIAL DEL CUSCO _cBIBLIOTECA MUNICIPAL DEL CUSCO |
||
| 082 |
_a746 / _bAR78 |
||
| 110 |
_aCERVESUR _911816 |
||
| 245 | _aEl arte textil en los andes surperuanos / | ||
| 260 |
_aCusco : _bTalleres graficos Dannys, _c2000. |
||
| 300 |
_a213 paginas ; _bIlustraciones, _c22 cm. |
||
| 505 | _aContenido : El arte textil -- Proceso del arte textil -- Los instrumentos -- El telar -- La decoración del tejido... | ||
| 650 |
_aTextileria _922799 |
||
| 650 |
_aFormas y diseños de tejidos _938210 |
||
| 650 |
_aColores naturales _938211 |
||
| 710 |
_aConvenio municipal del Cusco CERVESUR una contribución a la cultura _938212 |
||
| 942 |
_2ddc _cLIBROS |
||
| 945 |
_awnts _d2019-05-10 |
||